000 00323 a2200157 4500
001 186778
020 _a85-7272-133-9
040 _cMagnum
100 _aPozenato, Jose Clemente
240 1 0 _aPisca-tudo
_lpor
245 1 0 _aPisca-tudo
300 _a24
362 0 _a2000
697 _aLITERATURA INFANTIL
942 _cBK
999 _c186778
_d186778